| 000 | 00424nam a2200181Ia 4500 | ||
|---|---|---|---|
| 005 | 20250603145707.0 | ||
| 008 | 250603s9999 xx 000 0 und d | ||
| 020 | _a9780367478223 | ||
| 050 | _aQ 180 .U5 .K46/ | ||
| 100 | _aKennedy, Ashley Graham | ||
| 245 | 0 | _aScience and Public policy | |
| 260 | _aLondon | ||
| 260 | _bRoutledge | ||
| 260 | _c2023 | ||
| 300 | _avi, 152p.: ill. | ||
| 650 | _aLondon | ||
| 942 | _cBK | ||
| 999 |
_c42579 _d42579 |
||